000 00302nam a2200121Ia 4500
005 20251222143158.0
008 251222s9999||||xx |||||||||||||| ||spa||
082 _a869.521/V18
100 _aValcárcel, Carlos Daniel
245 0 _aGarcilazo:
264 _bUniversidad Mayor de San Marcos
942 _cLIB
999 _c12953
_d12953